| 000 | 05015nam a22004457a 4500 | ||
|---|---|---|---|
| 001 | 13585005 | ||
| 003 | OSt | ||
| 005 | 20210422064001.0 | ||
| 008 | 040504s2004 paua b 001 0 eng | ||
| 010 | _a 2004010609 | ||
| 020 | _a0781743834 | ||
| 035 | _a(DNLM)101215875 | ||
| 040 |
_aDNLM/DLC _cDLC _deng _beng |
||
| 041 | _aeng | ||
| 042 | _apcc | ||
| 050 | 0 | 0 |
_aRC694 _b.P484 2004 |
| 060 | 1 | 0 |
_aWG 500 _bP4425 2004 |
| 080 |
_a616.12 _bA-13 |
||
| 082 | 0 | 0 |
_a616.1/31 _222 |
| 245 | 0 | 0 |
_aPeripheral vascular disease : _bbasic diagnostic and therapeutic approaches / _c/ by: Lippincott Williams & Wilkins |
| 260 |
_aPhiladelphia : _bLippincott Williams & Wilkins _cc2004. |
||
| 300 |
_axix, 527 p. : _bill. (some col.) ; _c28 cm. |
||
| 504 | _aIncludes bibliographical references and index. | ||
| 505 | 0 | _aAnatomy, physiology, and response to vascular injury / Anthony C. DeFranco ... [et al.] -- Atherosclerotic vascular disease as a systemic process / George S. Abela, Alok Maheshwari, Charan C. Kantipudi -- Peripheral vascular assessment / Gary J. Arnold -- Intermittent claudication / Raghu Middle and Stanley Rockson -- Peripheral arterial disease in patients with diabetes / Peter Sheehan -- Insulin resistance and metabolic syndrome / Charles Reasner II -- Uncommon types of occlusive arterial disease / Peter C. Spittell -- Hypertension / Mohanram Narayanan, Ralph E. Watson and Donald J. Di Pette -- Obesity / Ved Gossein -- Peripheral neuropathy / Martin J. Stevens -- Erectile dysfunction as an indicator of vascular disease / Dana Ohl and Susanne A. Quallich -- The management of hyperlipidemia and exercise therapy in the treatment of peripheral artery disease / James J. Maciejko -- Peripheral arterial disease / Douglas Jacoby and Emile R. Mohler III -- Anticoagulant and antiplatelet therapy in peripheral vascular disease / James J. Ferguson -- Noninvasive diagnosis of peripheral vascular disease / Keith A. Mauney -- Optimal endovascular therapy for lower extremity revascularization / Christopher J. White -- Imaging of peripheral arterial disease / George Gordon Hartnell and Julia Gates -- Physiology of renal artery disease / Michael G. Dickinson, Cheryl Laffer, Fernando Elajovich -- Renal artery stenosis / Michael G. Dickinson ... [et al.] -- Atherosclerotic subclavian artery disease and revascularization / Andrew C. Eisenhauer and James A. Shaw -- Cerebral vascular disease / Patricia A. Gum, Alex Abou-Chebl, Jay S. Yadav -- | |
| 505 | 0 | _aIntracranial interventions / Thomas C. Piemonte, Timothy Alikakos, Ayman Iskanker -- Iliofemoral disease / James D. Joye, Mehran Moussavian -- Transradial approach for catheterization / Gerald R. Barbeau -- Complications of interventional treatment of PVD / James D. Joye, Mahmoud Eslami-Farsani -- Renal injury following contrast agents / Peter A. McCullough -- Pre- and post-operative management of cardiovascular diseases and risks in patients with peripheral vascular disease / Kim Eagle and Debabrata Mukherjee -- Surgery for peripheral vascular disease / Glenn LaMuraglia and Giuseppe Nigri -- Stent grafts for abdominal aortic aneurysm / Zvonimir Krajcer -- Surgical treatment in PVD and footcare management / Zeeshan S. Husain, Charles G. Kissel, Michael S. Schey -- Vascular concepts in wound healing / William Ennis and Patricio Meneses -- Management of patients with lower extremity ulcers / Catherine R. Ratliff -- Excimer laser revascularization for peripheral arterial disease / John R. Laird -- Stent selection for illiac and superficial femoral artery interventions / Elie Hage-Korban, Malcolm T. Foster III -- Technical requirements for cardiovascular training in PVD / Elie Hage-Korban, Joel Cohen, and George Abela -- Training and credentialing for interventional therapy for PVD / Christopher J. White -- Deep venous thrombosis / Alok Maheshwari ... [et al.] -- Pulmonary embolism / Andrew Prieto and John Penner -- Recognizing, understanding and treating chronic venous insufficiency / Patricia Thorpe -- Pulmonary arterial hypertension / Vallerie McLaughlin -- The economic impact of peripheral vascular disease / Terry Woodward -- Billing and coding for peripheral vascular disease / Mary Metler ... [et al.]. | |
| 650 | 0 | _aPeripheral vascular diseases. | |
| 650 | 0 |
_aCardiology _9316 |
|
| 650 | 0 |
_aBlood-vessels _xDiseases. |
|
| 650 | 0 |
_aExtremities (Anatomy) _xDiseases. |
|
| 650 | 1 | 2 |
_aPeripheral Vascular Diseases _xdiagnosis. |
| 650 | 2 | 2 |
_aPeripheral Vascular Diseases _xtherapy. |
| 653 | _aკარდიოლოგია | ||
| 653 | _aსისხლძარღვები | ||
| 700 | 1 | _aAbela, George S. | |
| 856 | 4 | 2 |
_3Publisher description _uhttp://www.loc.gov/catdir/enhancements/fy0712/2004010609-d.html |
| 856 | 4 | 1 |
_3Table of contents only _uhttp://www.loc.gov/catdir/enhancements/fy0834/2004010609-t.html |
| 906 |
_a7 _bcbc _corignew _d1 _eecip _f20 _gy-gencatlg |
||
| 942 |
_2udc _cBK |
||
| 999 |
_c834 _d834 |
||